000 03234nam a22002657a 4500
003 Uzh_bibl
008 260318b |||||||| |||| 00| 0 ukr d
020 _a978-617-8286-12-5
_c234.00
040 _bукр.
041 _2ita
_aukr
080 _a133.4
090 _a133.4
_bМ 32
100 _aМаттеоні,Франческа
245 _aЧарівники й чаклунки: посібник із магії для початківців
_cпер.з італ.К.Мички ;іл.Е.Мачелларі
_hТекст
260 _aКиїв
_bКниголав
_c2023
300 _a160 с.
_bіл.
_fВ опр.
490 _aСерія"Полиця нон-фікшн"
520 _a“Магія живе на межі суспільства, а хто перетинає цю межу, — маргіналізований або шанований. Магія уособлює страхи, бажання й таємниці.” Як часто ми хотіли, щоб наші бажання здійснювалися за помахом чарівної палички, хотіли стерти з життя неприємні ситуації або подорожувати куди завгодно за допомогою магії?. Без зайвих зусиль і відповідальності. Але що таке справжня магія? Хто знає, як її практикувати? Магія ближче, ніж ви думаєте: між сторінками старої книги, у місячному світлі, що просочується крізь вікно, у жестах, місцях і предметах. Ця книжка допоможе наблизитись до таємниць природи, а також досягнути нового, глибшого усвідомлення себе. Історія чаклунства протягом століть, розповіді про її найвизначніші постаті, описи інструментів магічних практик та унікальних магічних здібностей різних тварин тут супроводжуються вправами та заклинаннями, які допоможуть наблизитися до захопливого та різноманітного світу сучасного чаклунства. Ця книжка створена для тих, хто хотів би дізнатися про історію магії і, звісно, опанувати деякі основні принципи цього мистецтва за допомогою вправ та ритуалів.У тексті також йдеться про найвпливовіших особистостей у «магічному» світі:, від вигаданих персонажів до справжніх практиків.
521 _aДля широкого кола читачів
546 _aукр.
650 _aПопулярне видання
653 _aМагія
_aТаємниці природи
_aЗаклинання
655 _aЕзотерика
942 _2udc
_cBK
999 _c17092
_d17092